Регионална библиотека "Любен Каравелов" - Русе

Мираж (Запис номер 331689)

MARC детайли
000 -Лидер
Контролно поле с фиксирана дължина 01058nam a2200277 a 4500
003 - Код на организацията, давaща контролен номер
Контролно поле BLK
005 - Дата и час на последна редакция
Контролно поле 20230719172315.0
008 - Елементи от данни с фиксирана дължина
fixed length control field 190618b bu |||||r|||| 00| 0 bu d
020 ## - Международен стандартен номер на книга ISBN
Международен стандартен номер на книга ISBN 9789542722335
040 ## - Източник на каталожния запис
Идентификатор на билиотеката - собственик на записа BLK
041 ## - Код за език
Код за езика на текст/звукозапис или на отделно заглавие Български
Код за езика КДБФ Български
080 ## - УДК
Текстов определител УДК Американска литература (на САЩ)
УДК код - определител по УДК 821.111(73)
УДК определител -312.9
УДК - код + определител 821.111(73)-312.9
100 ## - Редна дума - Автор
Автор Дауд, Сомая
Авторска отговорност първи автор
R(LIN) 1299
139 ## - Редно поле
Редна дума Дауд, Сомая
Авторски знак Дас - Д 24
245 ## - Сведения за заглавието
Заглавие Мираж
Редно поле (дума) Сомая Дауд ; прев. от англ. Йоана Гацова.
260 ## - Област на издателските данни
Място на издаване, разпространение и проч. София
Име на издателя, разпространителя и проч. Егмонт България
Година на издаване 2018
9 (RLIN) 209434
Печатница София : Ропринт
300 ## - Физическа характеристика
Страници 319 с.
Илюстрации и др. с ил.
Размери/Мащаб 21 см
380 ## - Жанр
Жанр Худож. лит.
500 ## - Общи забележки
Забележка Ориг. загл.: Mirage / Sumayyah Daud
700 ## - Други автори (авторска отговорност)
9 (RLIN) 1021
Лично име Гацова, Йоана Пламенова
Автороска отговорност (Описва отношението между автора и произведението) прев. от англ.
852 ## - Местоположение
Форматна сигнатура Цб 295153
999 ## - СИСТЕМНИ КОНТРОЛНИ НОМЕРА
Koha biblionumber 331689
Koha biblioitemnumber 331689
942 ## - АРТИКУЛИ
Вид на библиотечния материал Книги
Скрит в OPAC Не
Периодичен библиозапис Да
Koha issues (borrowed), all copies 6
944 ## - СЪЗДАВАНЕ И РЕДАКЦИЯ на ЗАПИСА
Създаване/Редакция Създаване
Дата на регистрацията/редакция 2019-06-18
Служител, извършил регистрацията/редакцията 30530
Статус, дата на статуса Минев Младен
999 ## - СИСТЕМНИ КОНТРОЛНИ НОМЕРА
Koha biblioitemnumber 331689
999 ## - СИСТЕМНИ КОНТРОЛНИ НОМЕРА
Koha biblioitemnumber 331689
Наличности
Код за отписване Код за изгубен артикул Източник на класификационната схема Код за повреда Коз за рестрикции Код за отдаване Артикулен № Име на библиотеката - собственик Име на библиотеката, в която се намира в момента Статус (Текущо местоположение) Дата на вписване в системата Местоположение - отдел Цена в лева Систематично азбучна сигнатура Баркод Цена в евро Служебен тип на артикула
  Не е изгубен Universal Decimal Classification Не е повреден без рестрикции ползва се в читалня 724006 Регионална библиотека "Любен Каравелов" Русе Регионална библиотека "Любен Каравелов" Русе Хранилище 2019-06-25 Хранилище 14.90 Цб 295153 120000832526 7.62 Книги
  Не е изгубен Universal Decimal Classification Не е повреден   заемане за дома 803316 Регионална библиотека "Любен Каравелов" Русе Регионална библиотека "Любен Каравелов" Русе Заемна - подръчен фонд 2020-10-08 Заемна - подръчен фонд 14.90 821-31/Д 24 С 120000849170 7.62 Книги
  Не е изгубен Universal Decimal Classification Не е повреден без рестрикции заемане за дома 803554 Регионална библиотека "Любен Каравелов" Русе Регионална библиотека "Любен Каравелов" Русе Заемна - подръчен фонд 2020-10-19 Заемна - подръчен фонд 10.88 821-31/Д 24 С 120000849231 5.56 Книги
Vip Innovations Ltd, Rousse, Bulgaria 2025